000 00596nam a22001937a 4500
003 NUST
005 20250217155534.0
008 180713b ||||| |||| 00| 0 eng d
038 _a0
082 _a200
100 _4Sana Somayya
245 _aNew Keynesian structural var model of oil prices with direct role of money for Pakistan/
_cSomayya Sana
260 _aIslamabad
_bS3H NUST
_c2018
300 _a90p
600 _xMS- Economics
_9127866
700 _aSupervisor: Dr. Ather Maqsood Ahmed
_9124809
856 _uhttp://10.250.8.41:8080/xmlui/handle/123456789/3607
942 _2ddc
_cSC
999 _c478752
_d478752